000 00459nam a22001817a 4500
003 MPLRDC
005 20220104191120.0
008 210129b ||||| |||| 00| 0 eng d
020 _a978-7-5404-5061-8
082 _a901.5 CKY
100 _a蔡康永、陈冠宇
245 _a艺术里的金钱游戏
_c
250 _a一版一刷
260 _a中国
_b湖南文艺出版社
_c2011
300 _b
650 _a艺术投资
942 _cBK
_o901.5 CKY
999 _c64104
_d64094